|
|
|
|
| LEADER |
00911nam a22002532a 4500 |
| 001 |
000394235 |
| 003 |
CZ BrMZK |
| 005 |
20220926141014.0 |
| 007 |
ta |
| 008 |
980105s1962 gw f ger d |
| 040 |
|
|
|a BOA001
|b cze
|
| 100 |
1 |
|
|a Bruns, Friedrich,
|d 1826-1945
|7 mzk2010574325
|4 aut
|
| 245 |
1 |
0 |
|a Hansische Handelsstrassen.
|n [1.],
|p Atlas /
|c Friedrich Bruns ; bearbeiten von Hugo Weczerka
|
| 246 |
3 |
0 |
|a Atlas
|
| 260 |
|
|
|a Köln :
|b Böhlau,
|c 1962
|
| 300 |
|
|
|a 8 s., 50 mp.
|
| 490 |
1 |
|
|a Quellen und Darstellungen zur haneischen Geschichte ;
|v N.F., Bd.13, Tl. 1,2
|
| 500 |
|
|
|a Herausgegeben von Haneischen Geschichtsverein
|
| 700 |
1 |
|
|a Weczerka, Hugo,
|d 1930-2021
|7 xx0214755
|4 edt
|
| 830 |
|
0 |
|a Quellen und Darstellungen zur haneischen Geschichte
|
| 910 |
|
|
|a BOA001
|b 2-0584.039,1
|
| 990 |
|
|
|a BK
|
| 991 |
|
|
|b 201309
|
| 996 |
7 |
|
|b 2619788537
|c 2-0584.039,1
|l HP2
|r DEN
|n 1
|w 000394235
|u 000010
|a 1
|e BOA001
|j MZK50
|s A
|